| 000 | 00503cam a2200181 4500 | ||
|---|---|---|---|
| 001 | D12503 | ||
| 008 | 090401t1912 xxu||||| |||| 00| 0 eng d | ||
| 035 | _a(Sirsi) u3857 | ||
| 041 | _aeng | ||
| 100 | _aCragg, Anthony Richard | ||
| 245 | _aHints to young valuers: a practical treatise on the valuation of property | ||
| 250 | _a4th rev en | ||
| 260 |
_aLondon _bThe Land Agents` Record Ltd _c1912 |
||
| 350 | _a0 | ||
| 520 | _aShelf 153; 4th ed rev & enlarged | ||
| 942 | _n0 | ||
| 948 | _c04/03/1997 | ||
| 999 |
_c85949 _d85949 |
||